000 00308nam a2200121Ia 4500
008 190216s9999||||xx |||||||||||||| ||und||
100 _aAl Sheikh Abdullah Bin Zaid Al-Mohammad
245 0 _aAshab-E-Suffa Aur Tasauf Kl Haqiqat
260 _bAl-Darussalafiah
300 _a96p
650 _aArabic
942 _cBK
999 _c398
_d398